Masa bergolak (Record no. 83794)

MARC details
000 -LEADER
fixed length control field 00525cam a22002051 4500
001 - CONTROL NUMBER
control field sa 68011214
003 - CONTROL NUMBER IDENTIFIER
control field DLC
005 - DATE AND TIME OF LATEST TRANSACTION
control field 20260227112558.0
008 - FIXED-LENGTH DATA ELEMENTS--GENERAL INFORMATION
fixed length control field 940331s1968 io a 000 0 ind
010 ## - LIBRARY OF CONGRESS CONTROL NUMBER
LC control number sa 68011214
025 ## - OVERSEAS ACQUISITION NUMBER
Overseas acquisition number PL480:Indo-8650
035 ## - SYSTEM CONTROL NUMBER
System control number (OCoLC)30063622
040 ## - CATALOGING SOURCE
Original cataloging agency DLC
Transcribing agency CU
Modifying agency DLC
042 ## - AUTHENTICATION CODE
Authentication code premarc
050 00 - LIBRARY OF CONGRESS CALL NUMBER
Classification number PL5089.S314
Item number M3
100 1# - MAIN ENTRY--PERSONAL NAME
Personal name Salmun, M. A.
245 10 - TITLE STATEMENT
Title Masa bergolak
Statement of responsibility, etc. [oleh] M.A. Salmun.
260 ## - PUBLICATION, DISTRIBUTION, ETC.
Place of publication, distribution, etc. Djakarta,
Name of publisher, distributor, etc. Balai Pustaka,
Date of publication, distribution, etc. 1968.
300 ## - PHYSICAL DESCRIPTION
Extent 135 p.
Other physical details illus.
Dimensions 21 cm.

No items available.

Powered by Koha